Avance de Investigación/
Сохранить в:
| Соавтор: | |
|---|---|
| Формат: | |
| Язык: | Spanish |
| Опубликовано: |
San José, Costa Rica:
Universidad de Costa Rica. Proyecto de Historia de las Relaciones Internacionales
|
| Предметы: | |
| Метки: |
Добавить метку
Нет меток, Требуется 1-ая метка записи!
|
MARC
| LEADER | 00000nam a22000007a 4500 | ||
|---|---|---|---|
| 003 | cru CIDCACS/IIS | ||
| 005 | 20201009124203.0 | ||
| 008 | 201009n cr |||p|r|||||| ||spa|d | ||
| 999 | |c 43428 |d 43428 | ||
| 040 | |c cru CIDCACS/IIS | ||
| 090 | |a REV0059 | ||
| 110 | 1 | |9 9658 |a Universidad de Costa Rica. |b Proyecto de Historia de las Relaciones Internacionales | |
| 245 | |a Avance de Investigación/ |c Proyecto de Historia de las Relaciones Internacionales. Universidad de Costa Rica | ||
| 260 | |a San José, Costa Rica: |b Universidad de Costa Rica. Proyecto de Historia de las Relaciones Internacionales | ||
| 270 | |a Ciudad Universitaria Rodrigo Facio. |b Montes De Oca, San José |d Costa Rica |e Apdo. 49 Código 2060 | ||
| 500 | |a EXISTENCIAS : 1978 (ene-mar) ESTADO DEL REGISTRO:Ya no se recibe | ||
| 650 | 0 | |9 136 |a HISTORIA | |
| 650 | 0 | |9 507 |a ACUERDOS INTERNACIONALES | |
| 651 | 0 | |9 1861 |a NICARAGUA | |
| 942 | |2 ddc |c PP | ||
